1700 1774 1615 1435 1043 1825 1497 1465 1318 1146 1370 1690 1850 1582 1771 1945 1766 1803 1990 1481 1499 1557 1433 1217 1448 1280 1372 1656 1209 1420 1638 1450 1084 1785 1490 1105 1572 1986 1684 1757 1566 1950 1007 1159 1843 1196 1946 1886 1900 1102 1937 1379 1870 1513 1567 1685 1308 1070 1238 1532 1810 1563 1376 1785 1119 1666 1095 1564 1410 1519 1348 1109 1837 1972 1409 1156 1232 1974 1168 1885 1646 1344 1596 1706 1985 1984 1427 1989 1271 1339 1464 1899 1215 1304 1630 1672 1739 1016 1924 BCNSPRNW ULIB Ver.6.0+V

เปลี่ยนเป็นภาษาไทย

Change to English
 แสดงรายละเอียดบรรณานุกรม
  กลับหน้าหลัก

Brief Record : Get Marc (ISO 2709) : E-mail record : QR code < ปิดหน้าต่าง
LEADER : 00000nam 2200000uu 4500
001    13399114129
003     ULIB
008    110627s||||||||th 000 0 tha d
020    9786167010236
090    นว.^bจ718ก 2553
100 0  เจนีน ฟรอสต์
245 00 ก้าวย่างลง(หลุม)รัก/^cเจนีน ฟรอสต์
250    พิมพ์ครั้งที่ 1
260    กรุงเทพฯ :^bดอกหญ้า,^c2553
300    374 หน้า
710 1  ดอกหญ้า
945    ^p280^l0^i028101
995    ทศพร
999 ^a ใช้งานได้ทุกระบบ
รายการนี้ยังไม่มีแท็ก
คุณยังไม่ได้ล็อกอิน คุณสามารถมีกิจกรรมร่วมกับเว็บไซต์ได้ แต่ต้องล็อกอินก่อน ::
  ล็อกอิน

รายการสื่อสารสนเทศ

ลำดับที่ ประเภท เลขเรียก/บาร์โค้ด สถานที่ สถานะ
1. นวนิยาย
นวนิยาย
นว. จ718ก 2553 ฉ.1 
  Barcode: 028101
ห้องสมุดวิทยาเขตสวรรค์ประชารักษ์
►นวนิยาย
บนชั้น
  ขอยืม

BibComment


ยังไม่เคยถูกคอมเมนท์

คอมเมนท์ทรัพยากรรายการนี้
  คอมเมนท์: ก้าวย่างลงหลุมรัก..


 Copyright 2026. Bcnsprnw @Library